Entry Personal Name
Number of records used in: 312
001 - CONTROL NUMBER
003 - CONTROL NUMBER IDENTIFIER
005 - DATE AND TIME OF LATEST TRANSACTION
- control field:
20200523150202.0
008 - FIXED-LENGTH DATA ELEMENTS
- fixed length control field:
200523|| aca||aabn | a|a d
040 ## - CATALOGING SOURCE
- Original cataloging agency:
OSt
- Transcribing agency:
OSt
100 ## - HEADING--PERSONAL NAME
670 ## - SOURCE DATA FOUND
- Source citation:
Work cat.: (OSt): BARE ACT, THE WILD LIFE (PROTECTION ) ACT 1972